000 00526nam a22001577a 4500
999 _c181784
_d181784
005 20211006110402.0
010 _aEN230921
020 _a9789386446107
_c475.00
037 _bSage Publications
100 _aChakrabarty, Bidyut
245 _aIndian constitution:
_btext, context and interpretation /
_cby Bidyut Chakrabarty
260 _aNew Delhi
_bSage Publications
_c2017
270 _aB1/I-1, Mohan Cooperative Industrial Area, Mathura Road
_bNew Delhi
_e110044
300 _axvi, 373p.
_c24cm(pbk)
942 _2ddc
_cEN
_mCHA